000 00512nam a2200181Ia 4500
001 3824
005 20260306145711.0
008 260306t2009||||xx |||||||||||||| ||spa||
041 _aESP
082 _a303.485
_bI59A
100 _aPerú. Instituto Nacional de Defensa Civil (INDECI)
_eAUT
245 0 _aResumen ejecutivo:
_b: lecciones aprendidas del sur: sismo de Pisco 15 de agosto 2007
260 _c2009
300 _a40 páginas :
_c23 cm.
650 _aGEN
654 _aCHU
942 _cLIB
_dJUS
_fJUS
_2ddc
_n
999 _c3824
_d3824